00533nam a2200169Ia 4500003000900000008004100009020001800050040001600068080001600084110002800100245011900128250001300247260004400260300001100304650002900315650001900344IN-BaIIA211028s9999 xx 000 0 eng d a0-85229-413-1 cIIA Library a031bEBR-14 aEncyclopedia Britannica 4aThe New Encyclopaedia Britannica in 30 volumes : Macropaediabvol.14, Knowledge in Dept.hcEncyclopedia Britannica a15th ed. aChicagobEncyclopaedia Britannicac1984 a1115p. aEncyclopedia-Macropaedia aNASA Thesaurus